• 首页
  • 本馆介绍
  • 公告通知
  • 最新文献
  • 馆藏检索
  • 电子资源
  • 读者导购
  • 参考咨询
  • 我的图书馆
  • 登录
  • 详细信息显示
  • 放入我的书架
  • 预约/预借图书
  • 作者相关作品
  • 分类相关作品
  • 丛书相关作品
  • 出版社相关作品

书目信息

  • 表格格式
  • 工作单格式
  • 卡片格式
题名:
鹅掌楸属树种杂交育种与利用
    
 
作者: 王章荣 编著
分册:  
出版信息: 北京   中国林业出版社  2016
页数: 247页
开本: 24cm
丛书名:
单 册:
中图分类: S792.210.4 , S792
科图分类:
主题词: 鹅掌楸属--杂交育种
电子资源:
ISBN: 978-7-5038-8427-6
000 01047nam0 2200289 450
001 2371848514
005 20231129195752.23
010    @a978-7-5038-8427-6@dCNY79.00
090    @aS792@bwzr
096    @aS792@bwzr
100    @a20160923d2016 em y0chiy0120 ea
101 0  @achi
102    @aCN@b110000
105    @aa z 000yy
200 1  @a鹅掌楸属树种杂交育种与利用@9e zhang qiu shu shu zhong za jiao yu zhong yu li yong@f王章荣等编著
205    @a2版
210    @a北京@c中国林业出版社@d2016
215    @a247页@c照片@d24cm
312    @a封面英文题名:Utilization and Species Hybridization in Liriodendron
330    @a本书系统介绍了鹅掌楸属树种杂交育种进程、进展及杂种利用前景。内容包括:杂交亲本树种背景情况及其分析、杂交胚胎学、杂种的木材特性和胶合板性能等。
510 1  @aUtilization and Species Hybridization in Liriodendron@zeng
606 0  @a鹅掌楸属@x杂交育种
690    @aS792.210.4@v5
690    @aS792@v4
701  0 @a王章荣@9wang zhang rong@f(1932~)@4编著
801  2 @aCN@b58marc.cn@c20170707
905    @aBZT@dS792@e4=2
    
    鹅掌楸属树种杂交育种与利用/王章荣等编著.-2版.-北京:中国林业出版社,2016
    247页:照片;24cm
    
    
    ISBN 978-7-5038-8427-6:CNY79.00
    本书系统介绍了鹅掌楸属树种杂交育种进程、进展及杂种利用前景。内容包括:杂交亲本树种背景情况及其分析、杂交胚胎学、杂种的木材特性和胶合板性能等。
●
相关链接 在五车中查询图书 在当当中查询图书 在豆瓣中查询图书


正题名:鹅掌楸属树种杂交育种与利用     索取号:S792/4=2         预约/预借

序号 登录号 条形码 馆藏地/架位号 状态 备注
1 2001167302   2001167302   中教(第二批第二书库)/山东中教(第二批)/2021/ [索取号:S792/4=2] 在馆    
2 2001167303   2001167303   中教(第二批第二书库)/山东中教(第二批)/2021/ [索取号:S792/4=2] 在馆    
3 2001167304   2001167304   中教(第二批第二书库)/山东中教(第二批)/2021/ [索取号:S792/4=2] 在馆    
4 2001167305   2001167305   中教(第二批第二书库)/山东中教(第二批)/2021/ [索取号:S792/4=2] 在馆    
5 2001167306   2001167306   中教(第二批第二书库)/山东中教(第二批)/2021/ [索取号:S792/4=2] 在馆    
6 2001167307   2001167307   中教(第二批第二书库)/山东中教(第二批)/2021/ [索取号:S792/4=2] 在馆    
7 2001167308   2001167308   中教(第二批第二书库)/山东中教(第二批)/2021/ [索取号:S792/4=2] 在馆    
8 2001167309   2001167309   中教(第二批第二书库)/山东中教(第二批)/2021/ [索取号:S792/4=2] 在馆    
9 2001167310   2001167310   中教(第二批第二书库)/山东中教(第二批)/2021/ [索取号:S792/4=2] 在馆    
10 2001167311   2001167311   中教(第二批第二书库)/山东中教(第二批)/2021/ [索取号:S792/4=2] 在馆    
11 2001167312   2001167312   中教(第二批第二书库)/山东中教(第二批)/2021/ [索取号:S792/4=2] 在馆    
12 2001167313   2001167313   中教(第二批第二书库)/山东中教(第二批)/2021/ [索取号:S792/4=2] 在馆    
13 2001167314   2001167314   中教(第二批第二书库)/山东中教(第二批)/2021/ [索取号:S792/4=2] 在馆    
14 2001167315   2001167315   中教(第二批第二书库)/山东中教(第二批)/2021/ [索取号:S792/4=2] 在馆    
15 2001167316   2001167316   中教(第二批第二书库)/山东中教(第二批)/2021/ [索取号:S792/4=2] 在馆    
16 2001167317   2001167317   中教(第二批第二书库)/山东中教(第二批)/2021/ [索取号:S792/4=2] 在馆    
17 2001167318   2001167318   中教(第二批第二书库)/山东中教(第二批)/2021/ [索取号:S792/4=2] 在馆    
18 2001167319   2001167319   中教(第二批第二书库)/山东中教(第二批)/2021/ [索取号:S792/4=2] 在馆    
19 2001167320   2001167320   中教(第二批第二书库)/山东中教(第二批)/2021/ [索取号:S792/4=2] 在馆    
20 2001167321   2001167321   中教(第二批第二书库)/山东中教(第二批)/2021/ [索取号:S792/4=2] 在馆    
21 2001167322   2001167322   中教(第二批第二书库)/山东中教(第二批)/2021/ [索取号:S792/4=2] 在馆    
22 2001167323   2001167323   中教(第二批第二书库)/山东中教(第二批)/2021/ [索取号:S792/4=2] 在馆    
23 2001167324   2001167324   中教(第二批第二书库)/山东中教(第二批)/2021/ [索取号:S792/4=2] 在馆    
24 2001167325   2001167325   中教(第二批第二书库)/山东中教(第二批)/2021/ [索取号:S792/4=2] 在馆    
25 2001167326   2001167326   中教(第二批第二书库)/山东中教(第二批)/2021/ [索取号:S792/4=2] 在馆    
26 2001167327   2001167327   中教(第二批第二书库)/山东中教(第二批)/2021/ [索取号:S792/4=2] 在馆    
27 2001167328   2001167328   中教(第二批第二书库)/山东中教(第二批)/2021/ [索取号:S792/4=2] 在馆    
28 2001167329   2001167329   中教(第二批第二书库)/山东中教(第二批)/2021/ [索取号:S792/4=2] 在馆    
29 2001167330   2001167330   中教(第二批第二书库)/山东中教(第二批)/2021/ [索取号:S792/4=2] 在馆    
30 2001167331   2001167331   中教(第二批第二书库)/山东中教(第二批)/2021/ [索取号:S792/4=2] 在馆    
山东省滨州职业学院图书馆 欢迎您!
大连网信软件有限公司© 版权所有